[Event "ODJM A 2025"]
[Site "Willingen GER"]
[Date "2025.06.12"]
[Round "7"]
[White "Weber, Samuel"]
[Black "Müller, Mark"]
[Result "1-0"]
[Termination "normal"]
[Board "6"]
[WhiteTitle "FM"]
[WhiteElo "2262"]
[BlackElo "2029"]
[WhiteClock "00:09:44"]
[BlackClock "00:03:50"]
[PlyCount "111"]
[WhiteFideId "12924008"]
[BlackFideId "12997218"]
[EventCountry "GER"]
[EventRounds "9"]
[EventType "swiss"]
[EventDate "2025.06.07"]

1. e4 {[%clk 01:30:54]} {[%emt 00:00:05]} c5 {[%clk 01:30:57]} {[%emt
00:00:04]} 2. Nf3 {[%clk 01:29:57]} {[%emt 00:01:28]} e6 {[%clk 01:31:22]}
{[%emt 00:00:04]} 3. b3 {[%clk 01:29:16]} {[%emt 00:01:11]} d5 {[%clk
01:26:50]} {[%emt 00:05:02]} 4. exd5 {[%clk 01:22:42]} {[%emt 00:07:04]} exd5
{[%clk 01:27:15]} {[%emt 00:00:06]} 5. Bb5+ {[%clk 01:23:07]} {[%emt 00:00:04]}
Bd7 {[%clk 01:23:40]} {[%emt 00:04:05]} 6. Qe2+ {[%clk 01:23:32]} {[%emt
00:00:05]} Qe7 {[%clk 01:22:59]} {[%emt 00:01:08]} 7. Nc3 {[%clk 01:22:42]}
{[%emt 00:01:23]} Qxe2+ {[%clk 01:21:55]} {[%emt 00:01:34]} 8. Bxe2 {[%clk
01:19:00]} {[%emt 00:04:11]} Nf6 {[%clk 01:21:22]} {[%emt 00:01:03]} 9. Bb2
{[%clk 01:18:24]} {[%emt 00:01:07]} Be7 {[%clk 01:13:29]} {[%emt 00:08:22]} 10.
Nb5 {[%clk 01:12:51]} {[%emt 00:06:03]} Bxb5 {[%clk 01:09:31]} {[%emt
00:04:28]} 11. Bxb5+ {[%clk 01:13:12]} {[%emt 00:00:10]} Nbd7 {[%clk 01:06:57]}
{[%emt 00:03:04]} 12. Ne5 {[%clk 01:09:42]} {[%emt 00:03:59]} Rg8 {[%clk
00:54:13]} {[%emt 00:13:12]} 13. d4 {[%clk 00:58:16]} {[%emt 00:11:59]} a6
{[%clk 00:39:54]} {[%emt 00:14:48]} 14. Nxd7 {[%clk 00:57:22]} {[%emt
00:01:24]} Nxd7 {[%clk 00:38:25]} {[%emt 00:02:00]} 15. Bd3 {[%clk 00:57:41]}
{[%emt 00:00:11]} g6 {[%clk 00:38:03]} {[%emt 00:00:51]} 16. dxc5 {[%clk
00:53:02]} {[%emt 00:05:10]} Nxc5 {[%clk 00:34:21]} {[%emt 00:04:10]} 17. Be2
{[%clk 00:47:44]} {[%emt 00:05:48]} Ne4 {[%clk 00:27:10]} {[%emt 00:07:41]} 18.
Rd1 {[%clk 00:38:11]} {[%emt 00:10:04]} Bb4+ {[%clk 00:25:34]} {[%emt
00:02:06]} 19. Kf1 {[%clk 00:35:46]} {[%emt 00:02:56]} O-O-O {[%clk 00:25:12]}
{[%emt 00:00:52]} 20. Bf3 {[%clk 00:32:44]} {[%emt 00:03:32]} Nd2+ {[%clk
00:23:19]} {[%emt 00:02:23]} 21. Ke2 {[%clk 00:33:08]} {[%emt 00:00:06]} Rge8+
{[%clk 00:23:24]} {[%emt 00:00:24]} 22. Kd3 {[%clk 00:33:31]} {[%emt 00:00:07]}
Nxf3 {[%clk 00:22:50]} {[%emt 00:01:04]} 23. gxf3 {[%clk 00:34:00]} {[%emt
00:00:02]} Re6 {[%clk 00:19:49]} {[%emt 00:03:30]} 24. Bd4 {[%clk 00:31:20]}
{[%emt 00:03:11]} Rde8 {[%clk 00:18:18]} {[%emt 00:02:00]} 25. Rhg1 {[%clk
00:28:43]} {[%emt 00:03:08]} Bd6 {[%clk 00:18:13]} {[%emt 00:00:34]} 26. h4
{[%clk 00:24:49]} {[%emt 00:04:25]} h6 {[%clk 00:15:27]} {[%emt 00:03:14]} 27.
Be3 {[%clk 00:22:10]} {[%emt 00:03:10]} h5 {[%clk 00:15:24]} {[%emt 00:00:33]}
28. Ke2 {[%clk 00:16:51]} {[%emt 00:05:49]} Bc5 {[%clk 00:12:37]} {[%emt
00:03:14]} 29. Rg5 {[%clk 00:09:49]} {[%emt 00:07:35]} Bxe3 30. fxe3 {[%clk
00:10:17]} Rxe3+ {[%clk 00:12:55]} {[%emt 00:00:10]} 31. Kf2 {[%clk 00:10:43]}
{[%emt 00:00:03]} Re2+ {[%clk 00:12:28]} {[%emt 00:00:58]} 32. Kg3 {[%clk
00:11:07]} {[%emt 00:00:06]} Rxc2 {[%clk 00:12:43]} {[%emt 00:00:14]} 33. Rgxd5
{[%clk 00:10:57]} {[%emt 00:00:41]} Re7 {[%clk 00:10:29]} {[%emt 00:02:44]} 34.
a4 {[%clk 00:10:52]} {[%emt 00:00:36]} Kc7 {[%clk 00:09:53]} {[%emt 00:01:05]}
35. R1d3 {[%clk 00:10:20]} {[%emt 00:01:02]} Rc6 {[%clk 00:08:15]} {[%emt
00:02:08]} 36. Kf4 {[%clk 00:08:22]} {[%emt 00:02:28]} b6 {[%clk 00:04:47]}
{[%emt 00:03:59]} 37. Kg5 {[%clk 00:08:14]} {[%emt 00:00:36]} Rce6 {[%clk
00:04:22]} {[%emt 00:00:55]} 38. f4 {[%clk 00:06:02]} {[%emt 00:02:43]} f5
{[%clk 00:01:41]} {[%emt 00:03:11]} 39. Rc3+ {[%clk 00:02:10]} {[%emt
00:04:22]} Kb7 {[%clk 00:01:26]} {[%emt 00:00:45]} 40. Rcd3 {[%clk 00:01:30]}
{[%emt 00:01:11]} Kc7 {[%clk 00:00:35]} {[%emt 00:01:22]} 41. Rd8 {[%clk
00:26:59]} {[%emt 00:05:00]} Re1 {[%clk 00:20:36]} {[%emt 00:10:27]} 42. Kxg6
{[%clk 00:22:26]} {[%emt 00:05:04]} Rf1 {[%clk 00:19:06]} {[%emt 00:01:58]} 43.
R8d4 {[%clk 00:18:14]} {[%emt 00:04:44]} Re4 {[%clk 00:13:33]} {[%emt
00:05:59]} 44. Rc3+ {[%clk 00:16:37]} {[%emt 00:02:11]} Kb7 {[%clk 00:10:38]}
{[%emt 00:03:25]} 45. Rxe4 {[%clk 00:16:46]} {[%emt 00:00:21]} fxe4 {[%clk
00:11:01]} {[%emt 00:00:07]} 46. f5 {[%clk 00:17:10]} {[%emt 00:00:05]} Rf3
{[%clk 00:10:34]} {[%emt 00:00:57]} 47. Rc4 {[%clk 00:14:29]} {[%emt 00:03:11]}
Rxb3 {[%clk 00:08:44]} {[%emt 00:02:20]} 48. f6 {[%clk 00:13:52]} {[%emt
00:01:07]} Rg3+ {[%clk 00:08:40]} {[%emt 00:00:35]} 49. Kxh5 {[%clk 00:13:00]}
{[%emt 00:01:21]} e3 {[%clk 00:08:00]} {[%emt 00:01:10]} 50. f7 {[%clk
00:11:45]} {[%emt 00:01:44]} Rf3 {[%clk 00:07:17]} {[%emt 00:01:14]} 51. Kg6
{[%clk 00:12:11]} {[%emt 00:00:05]} b5 {[%clk 00:07:02]} {[%emt 00:00:45]} 52.
axb5 {[%clk 00:09:25]} {[%emt 00:03:15]} axb5 {[%clk 00:07:24]} {[%emt
00:00:08]} 53. Rc2 {[%clk 00:09:13]} {[%emt 00:00:41]} Kb6 {[%emt 00:03:57]}
54. Kg7 {[%clk 00:09:28]} {[%emt 00:00:10]} b4 {[%clk 00:03:25]} {[%emt
00:01:07]} 55. f8=Q {[%clk 00:09:27]} {[%emt 00:00:32]} Rxf8 {[%clk 00:03:50]}
{[%emt 00:00:06]} 56. Kxf8 {[%clk 00:09:44]} {[%emt 00:00:12]} 1-0

[Event "ODJM A 2025"]
[Site "Willingen GER"]
[Date "2025.06.12"]
[Round "7"]
[White "Vollmar, Timo"]
[Black "Hofmann, Lorenz"]
[Result "1/2-1/2"]
[Termination "normal"]
[Board "7"]
[WhiteElo "1885"]
[BlackElo "2104"]
[WhiteClock "00:54:53"]
[BlackClock "00:14:37"]
[PlyCount "104"]
[WhiteFideId "16253582"]
[BlackFideId "12995509"]
[EventCountry "GER"]
[EventRounds "9"]
[EventType "swiss"]
[EventDate "2025.06.07"]

1. e4 {[%clk 01:30:57]} {[%emt 00:00:02]} e5 {[%clk 01:30:55]} {[%emt
00:00:06]} 2. Nf3 {[%clk 01:31:16]} {[%emt 00:00:11]} Nc6 {[%clk 01:31:21]}
{[%emt 00:00:04]} 3. Bc4 {[%clk 01:31:34]} {[%emt 00:00:12]} Bc5 {[%clk
01:31:47]} {[%emt 00:00:04]} 4. c3 {[%clk 01:31:56]} {[%emt 00:00:08]} Nf6
{[%clk 01:32:13]} {[%emt 00:00:04]} 5. d4 {[%clk 01:32:15]} {[%emt 00:00:10]}
exd4 {[%clk 01:32:39]} {[%emt 00:00:05]} 6. b4 {[%clk 01:32:25]} {[%emt
00:00:20]} Bb6 {[%clk 01:28:35]} {[%emt 00:04:33]} 7. e5 {[%clk 01:32:37]}
{[%emt 00:00:19]} d5 {[%clk 01:26:09]} {[%emt 00:02:55]} 8. exf6 {[%clk
01:32:51]} {[%emt 00:00:16]} dxc4 {[%clk 01:26:24]} {[%emt 00:00:15]} 9. Qe2+
{[%clk 01:33:03]} {[%emt 00:00:18]} Be6 {[%clk 01:23:37]} {[%emt 00:03:17]} 10.
b5 {[%clk 01:33:07]} {[%emt 00:00:26]} d3 {[%clk 01:18:22]} {[%emt 00:05:45]}
11. Qe4 {[%clk 01:33:19]} {[%emt 00:00:18]} Na5 {[%clk 01:17:38]} {[%emt
00:01:16]} 12. fxg7 {[%clk 01:33:11]} {[%emt 00:00:36]} Rg8 {[%clk 01:17:31]}
{[%emt 00:00:37]} 13. Qxh7 {[%clk 01:33:27]} {[%emt 00:00:14]} f6 {[%clk
01:09:18]} {[%emt 00:08:43]} 14. O-O {[%clk 01:22:40]} {[%emt 00:11:18]} Qd7
{[%clk 01:05:33]} {[%emt 00:04:14]} 15. Qg6+ {[%clk 01:20:35]} {[%emt
00:02:36]} Qf7 {[%clk 01:05:33]} {[%emt 00:00:29]} 16. Qxf7+ {[%clk 01:20:41]}
{[%emt 00:00:24]} Kxf7 {[%clk 01:05:47]} {[%emt 00:00:16]} 17. Bh6 {[%clk
01:20:08]} {[%emt 00:01:03]} Kg6 {[%clk 01:03:49]} {[%emt 00:02:28]} 18. Bf4
{[%clk 01:19:31]} {[%emt 00:01:06]} Rxg7 {[%clk 01:01:14]} {[%emt 00:03:06]}
19. Nbd2 {[%clk 01:17:50]} {[%emt 00:02:11]} Re7 {[%clk 00:47:22]} {[%emt
00:14:23]} 20. Rfe1 {[%clk 01:13:45]} {[%emt 00:04:35]} Rae8 {[%clk 00:45:20]}
{[%emt 00:02:31]} 21. Be3 {[%clk 01:11:49]} {[%emt 00:02:26]} Bd5 {[%clk
00:38:28]} {[%emt 00:07:21]} 22. Bxb6 {[%clk 01:07:08]} {[%emt 00:05:11]} axb6
{[%clk 00:36:01]} {[%emt 00:02:58]} 23. Rxe7 {[%clk 01:05:24]} {[%emt
00:02:15]} Rxe7 {[%clk 00:36:31]} 24. Re1 {[%clk 01:04:43]} {[%emt 00:01:10]}
Rxe1+ {[%clk 00:35:50]} {[%emt 00:01:12]} 25. Nxe1 {[%clk 01:05:06]} {[%emt
00:00:06]} c6 {[%clk 00:34:47]} {[%emt 00:01:33]} 26. bxc6 {[%clk 01:02:26]}
{[%emt 00:03:11]} bxc6 {[%clk 00:34:59]} {[%emt 00:00:18]} 27. f3 {[%clk
00:59:26]} {[%emt 00:03:29]} b5 {[%clk 00:34:33]} {[%emt 00:00:57]} 28. a3
{[%clk 00:59:31]} {[%emt 00:00:24]} c5 {[%clk 00:32:29]} {[%emt 00:02:34]} 29.
Kf2 {[%clk 00:59:52]} {[%emt 00:00:09]} Nc6 {[%clk 00:23:33]} {[%emt 00:09:26]}
30. Ke3 {[%clk 00:57:39]} {[%emt 00:02:42]} Ne7 {[%clk 00:22:00]} {[%emt
00:02:04]} 31. g4 {[%clk 00:50:43]} {[%emt 00:07:26]} Bc6 {[%clk 00:21:25]}
{[%emt 00:01:04]} 32. Ne4 {[%clk 00:50:50]} {[%emt 00:00:23]} Bxe4 {[%clk
00:20:53]} {[%emt 00:01:03]} 33. fxe4 {[%clk 00:50:38]} {[%emt 00:00:43]} Kg5
{[%clk 00:20:18]} {[%emt 00:01:05]} 34. h3 {[%clk 00:49:57]} {[%emt 00:01:10]}
Kh4 {[%clk 00:19:51]} {[%emt 00:00:57]} 35. Nf3+ {[%clk 00:49:09]} {[%emt
00:01:17]} Kxh3 {[%clk 00:18:47]} {[%emt 00:01:35]} 36. g5 {[%clk 00:48:56]}
{[%emt 00:00:43]} Ng8 {[%clk 00:09:58]} {[%emt 00:09:19]} 37. gxf6 Nxf6 {[%clk
00:10:27]} 38. Nd2 {[%clk 00:30:43]} {[%emt 00:00:35]} Kg3 {[%clk 00:07:02]}
{[%emt 00:03:56]} 39. Nf1 {[%clk 00:28:56]} {[%emt 00:02:17]} Kg2 {[%emt
00:00:11]} 40. Nd2 {[%clk 00:29:11]} {[%emt 00:00:12]} Kg3 {[%clk 00:07:50]}
{[%emt 00:00:03]} 41. Nf1 {[%clk 00:29:13]} {[%emt 00:00:29]} Kg2 {[%clk
00:18:52]} {[%emt 00:19:28]} 42. Nd2 {[%clk 00:57:49]} {[%emt 00:01:54]} Nd7
{[%clk 00:15:57]} {[%emt 00:03:25]} 43. a4 {[%clk 00:55:15]} {[%emt 00:03:04]}
bxa4 {[%clk 00:16:24]} {[%emt 00:00:03]} 44. Nxc4 {[%clk 00:55:37]} {[%emt
00:00:08]} a3 {[%clk 00:16:19]} {[%emt 00:00:36]} 45. Nxa3 {[%clk 00:55:27]}
{[%emt 00:00:39]} Ne5 {[%clk 00:16:45]} {[%emt 00:00:04]} 46. c4 {[%clk
00:54:59]} {[%emt 00:00:57]} Kf1 {[%clk 00:15:29]} {[%emt 00:01:47]} 47. Kd2
{[%clk 00:54:48]} {[%emt 00:00:41]} Kf2 {[%clk 00:15:48]} {[%emt 00:00:10]} 48.
Nb5 {[%clk 00:54:55]} {[%emt 00:00:24]} Kf3 {[%clk 00:15:07]} {[%emt 00:01:10]}
49. Nc3 {[%clk 00:53:56]} {[%emt 00:01:29]} Kf4 {[%clk 00:13:28]} {[%emt
00:02:09]} 50. Na4 {[%clk 00:54:11]} {[%emt 00:00:16]} Kxe4 {[%clk 00:13:48]}
{[%emt 00:00:11]} 51. Nxc5+ {[%clk 00:54:34]} {[%emt 00:00:06]} Kd4 {[%clk
00:14:13]} {[%emt 00:00:05]} 52. Nxd3 {[%clk 00:54:53]} {[%emt 00:00:10]} Kxc4
{[%clk 00:14:37]} {[%emt 00:00:07]} 1/2-1/2

[Event "ODJM A 2025"]
[Site "Willingen GER"]
[Date "2025.06.12"]
[Round "7"]
[White "Hoffmann, Kay"]
[Black "Ronsin, Corentin"]
[Result "1/2-1/2"]
[Termination "normal"]
[Board "8"]
[WhiteElo "2123"]
[BlackElo "2064"]
[WhiteClock "00:00:38"]
[BlackClock "00:30:21"]
[PlyCount "68"]
[WhiteFideId "16227000"]
[BlackFideId "34641742"]
[EventCountry "GER"]
[EventRounds "9"]
[EventType "swiss"]
[EventDate "2025.06.07"]

1. d4 {[%clk 01:30:59]} {[%emt 00:00:02]} Nf6 {[%clk 01:30:54]} {[%emt
00:00:05]} 2. Nf3 {[%clk 01:31:25]} {[%emt 00:00:04]} d5 {[%clk 01:31:18]}
{[%emt 00:00:06]} 3. g3 {[%clk 01:31:21]} {[%emt 00:00:34]} e6 {[%clk
01:30:54]} {[%emt 00:00:54]} 4. c4 {[%clk 01:31:42]} {[%emt 00:00:09]} Be7
{[%clk 01:30:13]} {[%emt 00:01:12]} 5. Bg2 {[%clk 01:32:07]} {[%emt 00:00:05]}
O-O {[%clk 01:30:36]} {[%emt 00:00:06]} 6. O-O {[%clk 01:32:31]} {[%emt
00:00:06]} Nbd7 {[%clk 01:30:39]} {[%emt 00:00:28]} 7. Qc2 {[%clk 01:32:22]}
{[%emt 00:00:38]} c6 {[%clk 01:30:48]} {[%emt 00:00:21]} 8. Nbd2 {[%clk
01:32:37]} {[%emt 00:00:15]} b6 {[%clk 01:31:07]} {[%emt 00:00:11]} 9. e4
{[%clk 01:32:47]} {[%emt 00:00:19]} dxc4 {[%clk 01:31:17]} {[%emt 00:00:21]}
10. Nxc4 {[%clk 01:33:05]} {[%emt 00:00:12]} Bb7 {[%clk 01:31:21]} {[%emt
00:00:27]} 11. Nfe5 {[%clk 00:55:45]} {[%emt 00:37:49]} b5 {[%clk 01:09:31]}
{[%emt 00:22:20]} 12. Nxd7 {[%clk 00:50:50]} {[%emt 00:05:25]} Nxd7 {[%clk
01:08:36]} {[%emt 00:01:25]} 13. Ne3 {[%clk 00:49:49]} {[%emt 00:01:30]} Rc8
{[%clk 01:05:29]} {[%emt 00:03:37]} 14. Rd1 {[%clk 00:46:55]} {[%emt 00:03:24]}
Qb6 {[%clk 01:00:34]} {[%emt 00:05:25]} 15. b3 {[%clk 00:40:50]} {[%emt
00:06:36]} Rfd8 {[%clk 00:55:34]} {[%emt 00:05:30]} 16. Bb2 {[%clk 00:39:29]}
{[%emt 00:01:51]} Bf8 {[%clk 00:55:14]} {[%emt 00:00:50]} 17. Rac1 {[%clk
00:36:12]} {[%emt 00:03:46]} g6 {[%clk 00:53:35]} {[%emt 00:02:08]} 18. Qe2
{[%clk 00:33:01]} {[%emt 00:03:36]} Bg7 {[%clk 00:52:16]} {[%emt 00:01:54]} 19.
h4 {[%clk 00:29:18]} {[%emt 00:04:14]} h5 {[%clk 00:49:25]} {[%emt 00:03:22]}
20. e5 {[%clk 00:23:41]} {[%emt 00:06:06]} a5 {[%clk 00:40:48]} {[%emt
00:09:07]} 21. Ba3 {[%clk 00:10:54]} {[%emt 00:13:19]} Bf8 {[%clk 00:39:45]}
{[%emt 00:01:32]} 22. Bb2 {[%clk 00:11:17]} {[%emt 00:00:07]} Bg7 {[%clk
00:39:56]} {[%emt 00:00:19]} 23. Kh2 {[%clk 00:07:30]} {[%emt 00:04:16]} c5
{[%clk 00:33:30]} {[%emt 00:06:57]} 24. dxc5 {[%clk 00:06:50]} {[%emt
00:01:11]} Nxc5 {[%clk 00:33:48]} {[%emt 00:00:12]} 25. Rxd8+ {[%clk 00:07:04]}
{[%emt 00:00:17]} Rxd8 {[%clk 00:34:08]} {[%emt 00:00:09]} 26. Rxc5 {[%clk
00:06:52]} {[%emt 00:00:42]} Qxc5 {[%clk 00:34:32]} {[%emt 00:00:05]} 27. Bxb7
{[%clk 00:07:16]} {[%emt 00:00:06]} Bxe5 {[%clk 00:34:37]} {[%emt 00:00:25]}
28. Bxe5 {[%clk 00:06:42]} {[%emt 00:01:03]} Qxe5 {[%clk 00:34:58]} {[%emt
00:00:09]} 29. Bf3 {[%clk 00:04:41]} {[%emt 00:02:32]} Qc5 {[%clk 00:35:08]}
{[%emt 00:00:19]} 30. Kg2 {[%clk 00:03:44]} {[%emt 00:01:26]} Rd6 {[%clk
00:31:43]} {[%emt 00:03:57]} 31. Qb2 {[%clk 00:02:47]} {[%emt 00:01:26]} Rd4
{[%clk 00:31:34]} {[%emt 00:00:39]} 32. Qe2 {[%clk 00:01:43]} {[%emt 00:01:35]}
Rd6 {[%clk 00:31:43]} {[%emt 00:00:21]} 33. Qe1 {[%clk 00:01:33]} {[%emt
00:00:40]} Qa3 {[%clk 00:31:24]} {[%emt 00:00:49]} 34. Qe2 {[%clk 00:00:38]}
{[%emt 00:01:26]} Qc5 {[%clk 00:30:21]} {[%emt 00:01:34]} 1/2-1/2

[Event "ODJM A 2025"]
[Site "Willingen GER"]
[Date "2025.06.12"]
[Round "7"]
[White "Ellinger, Maximilian"]
[Black "Uhlmann, Tim"]
[Result "1/2-1/2"]
[Termination "normal"]
[Board "9"]
[WhiteElo "2039"]
[BlackElo "2118"]
[WhiteClock "00:07:04"]
[BlackClock "01:01:37"]
[PlyCount "46"]
[WhiteFideId "34631003"]
[BlackFideId "16239210"]
[EventCountry "GER"]
[EventRounds "9"]
[EventType "swiss"]
[EventDate "2025.06.07"]

1. e4 {[%clk 01:30:59]} e5 {[%clk 01:30:55]} {[%emt 00:00:07]} 2. Nf3 {[%clk
01:31:24]} {[%emt 00:00:05]} Nc6 {[%clk 01:31:22]} {[%emt 00:00:02]} 3. Bb5
{[%clk 01:31:50]} {[%emt 00:00:04]} a6 {[%clk 01:31:47]} {[%emt 00:00:06]} 4.
Ba4 {[%clk 01:32:16]} {[%emt 00:00:03]} Nf6 {[%clk 01:32:13]} {[%emt 00:00:04]}
5. O-O {[%clk 01:32:38]} {[%emt 00:00:08]} Bc5 {[%clk 01:32:29]} {[%emt
00:00:13]} 6. c3 {[%clk 01:32:58]} {[%emt 00:00:10]} b5 {[%clk 01:32:57]}
{[%emt 00:00:04]} 7. Bb3 {[%clk 01:33:17]} {[%emt 00:00:10]} d6 {[%clk
01:33:21]} {[%emt 00:00:06]} 8. d4 {[%clk 01:33:41]} {[%emt 00:00:06]} Bb6
{[%emt 00:00:12]} 9. Be3 {[%clk 01:33:36]} {[%emt 00:00:25]} Bg4 {[%clk
01:33:17]} {[%emt 00:01:02]} 10. dxe5 {[%emt 00:29:30]} Nxe5 {[%clk 01:32:18]}
{[%emt 00:01:25]} 11. Bxb6 {[%clk 01:01:12]} {[%emt 00:03:58]} cxb6 {[%clk
01:31:56]} {[%emt 00:00:52]} 12. Nbd2 {[%clk 00:58:30]} {[%emt 00:03:13]} O-O
{[%clk 01:31:16]} {[%emt 00:01:08]} 13. Bc2 {[%clk 00:52:32]} {[%emt 00:06:27]}
d5 {[%clk 01:28:40]} {[%emt 00:03:07]} 14. Re1 {[%clk 00:35:26]} {[%emt
00:17:36]} Re8 {[%clk 01:24:35]} {[%emt 00:04:36]} 15. exd5 {[%clk 00:23:08]}
{[%emt 00:12:48]} Qxd5 {[%clk 01:23:59]} {[%emt 00:01:06]} 16. Re3 {[%clk
00:15:46]} {[%emt 00:07:52]} Rad8 {[%clk 01:21:46]} {[%emt 00:02:41]} 17. h3
{[%clk 00:13:28]} {[%emt 00:02:49]} Nxf3+ {[%clk 01:15:30]} {[%emt 00:06:47]}
18. Nxf3 {[%clk 00:12:39]} {[%emt 00:01:19]} Rxe3 {[%clk 01:15:30]} {[%emt
00:00:29]} 19. fxe3 {[%clk 00:11:34]} {[%emt 00:01:36]} Bxf3 {[%clk 01:14:46]}
{[%emt 00:01:13]} 20. Qxf3 {[%clk 00:11:49]} {[%emt 00:00:15]} Qc5 {[%clk
01:10:25]} {[%emt 00:04:51]} 21. Kh1 {[%clk 00:10:56]} {[%emt 00:01:24]} b4
{[%clk 01:10:21]} {[%emt 00:00:33]} 22. Rd1 {[%clk 00:07:06]} {[%emt 00:04:20]}
Re8 {[%clk 01:05:49]} {[%emt 00:05:03]} 23. Rd3 {[%clk 00:07:04]} {[%emt
00:00:31]} Kf8 {[%clk 01:01:37]} {[%emt 00:04:42]} 1/2-1/2